| 000 | 00433nam a2200169 a 4500 | ||
|---|---|---|---|
| 005 | 20140310183208.0 | ||
| 008 | 030207s19uu xx 00 eng d | ||
| 020 | _a0440183677 | ||
| 050 |
_aPZ 7 _b.R658 1979 |
||
| 100 | _aRobinson, Spider | ||
| 245 |
_aStar dance / _cSpider Robinson. |
||
| 260 |
_aNew York : _bDell Publishing, _c1979. |
||
| 300 |
_a278 p. : _c18 cm. |
||
| 650 | _aFiction | ||
| 942 |
_cBK _2lcc |
||
| 999 |
_c20053 _d20053 |
||